| 000 | 00701nam a2200193 i 4500 | ||
|---|---|---|---|
| 001 | 111271 | ||
| 003 | ES-MaACL | ||
| 005 | 20230906185256.0 | ||
| 007 | t| | ||
| 008 | 061121s1962 sp r ||||1| spa d | ||
| 100 | 1 |
_aNájera y Angulo, Fernando. _984873 |
|
| 245 | 1 | 4 |
_aLas maderas de crecimiento rápido y la expansión industrial de España / _cFernando Nájera Y Angulo. |
| 260 |
_aMadrid : _bInstituto Forestal de Investigaciones y Experiencias, _c1962. |
||
| 300 |
_a66 p. : _bil ; _c23 cm. |
||
| 650 | 4 |
_aIndustria forestal- _zEspaña. _9151150 |
|
| 710 | 2 |
_aInstituto Forestal de Investigaciones y Experiencias. _95059 |
|
| 852 |
_aES-MaACL _jC-22516 _bR.50771 |
||
| 852 |
_aES-MaACL _jC-22515 |
||
| 999 |
_c111271 _d111271 |
||